Länder mit Atollen - Statistiken

Allgemein
  • Dieses Quiz wurde 6.603 mal gespielt
  • Das Durchschnittsergebnis liegt bei 19 aus 31
Antwortstatistiken
Land % Korrekt
Australien
92%
Neuseeland
86%
Vereinigte Staaten
86%
Indonesien
85%
Japan
78%
Malediven
72%
China
71%
Indien
71%
Philippinen
71%
Föderierte Staaten von Mikronesien
69%
Tuvalu
67%
Brasilien
66%
Marshallinseln
65%
Seychellen
65%
Vanuatu
65%
Mexiko
64%
Papua-Neuguinea
63%
Kiribati
61%
Salomonen
60%
Bahamas
59%
Frankreich
59%
Madagaskar
58%
Mauritius
58%
Komoren
54%
Vereinigtes Königreich
53%
Vietnam
53%
Taiwan
45%
Venezuela
44%
Kolumbien
41%
Belize
28%
Honduras
26%
Keine übereinstimmenden Quizze gefunden
Verteilung der Resultate
Anzahl Personen mit jedem Resultat
Perzentil nach korrekt beantworteten Fragen
Ihre Resultats-Entwicklung
Sie haben dieses Quiz noch nicht gespielt